Marketing strategy :a decision-focused approach / (Record no. 3346)

000 -LEADER
fixed length control field 01252cam a22003378a 4500
001 - CONTROL NUMBER
control field 17488160
003 - CONTROL NUMBER IDENTIFIER
control field OSt
005 - DATE AND TIME OF LATEST TRANSACTION
control field 20161004093545.0
008 - FIXED-LENGTH DATA ELEMENTS--GENERAL INFORMATION
fixed length control field 121010s2014 nyu 001 0 eng
010 ## - LIBRARY OF CONGRESS CONTROL NUMBER
LC control number 2012041227
020 ## - INTERNATIONAL STANDARD BOOK NUMBER
International Standard Book Number 9780070131552
040 ## - CATALOGING SOURCE
Original cataloging agency DLC
Transcribing agency DLC
Modifying agency DLC
042 ## - AUTHENTICATION CODE
Authentication code pcc
050 00 - LIBRARY OF CONGRESS CALL NUMBER
Classification number HF5415.13.W35 2009
082 00 - DEWEY DECIMAL CLASSIFICATION NUMBER
Classification number 658.8/02
Edition number 23
100 1# - MAIN ENTRY--PERSONAL NAME
Personal name Walker, Orville C.
245 10 - TITLE STATEMENT
Title Marketing strategy :a decision-focused approach /
Statement of responsibility, etc Orville C. Walker, Jr., John W. Mullins,Mavondo Felix,John Gountas
260 ## - PUBLICATION, DISTRIBUTION, ETC. (IMPRINT)
Place of publication, distribution, etc Boston:
Name of publisher, distributor, etc McGraw-Hill Irwin,
Date of publication, distribution, etc c2009.
300 ## - PHYSICAL DESCRIPTION
Extent xvii 414p. cm.
Other physical details ill
Dimensions 24cm
500 ## - GENERAL NOTE
General note Includes index.
650 #0 - SUBJECT ADDED ENTRY--TOPICAL TERM
Topical term or geographic name as entry element Marketing
General subdivision Management.
700 1# - ADDED ENTRY--PERSONAL NAME
Personal name Mullins, John W.
700 1# - ADDED ENTRY--PERSONAL NAME
Personal name Gountas,John
700 1# - ADDED ENTRY--PERSONAL NAME
Personal name Mavondo,Felix
856 42 - ELECTRONIC LOCATION AND ACCESS
Materials specified Publisher description
Uniform Resource Identifier <a href="http://www.loc.gov/catdir/enhancements/fy1305/2012041227-d.html">http://www.loc.gov/catdir/enhancements/fy1305/2012041227-d.html</a>
856 41 - ELECTRONIC LOCATION AND ACCESS
Materials specified Table of contents only
Uniform Resource Identifier <a href="http://www.loc.gov/catdir/enhancements/fy1305/2012041227-t.html">http://www.loc.gov/catdir/enhancements/fy1305/2012041227-t.html</a>
856 42 - ELECTRONIC LOCATION AND ACCESS
Materials specified Contributor biographical information
Uniform Resource Identifier <a href="http://www.loc.gov/catdir/enhancements/fy1510/2012041227-b.html">http://www.loc.gov/catdir/enhancements/fy1510/2012041227-b.html</a>
906 ## - LOCAL DATA ELEMENT F, LDF (RLIN)
a 7
b rix
c orignew
d 1
e ecip
f 20
g y-gencatlg
942 ## - ADDED ENTRY ELEMENTS (KOHA)
Source of classification or shelving scheme
Koha item type Book
Holdings
Withdrawn status Lost status Source of classification or shelving scheme Damaged status Not for loan Home library Current library Shelving location Date acquired Total Checkouts Full call number Barcode Date last seen Copy number Price effective from Koha item type
          Riara University Library Riara University Library General stack 04/10/2016   HF5415.13.W35 2009 8353/16 04/10/2016 C.1 04/10/2016 Book

Riara University Library,
P.O. Box 49940-00100,
Nairobi, Kenya.